00229nam a2200097Ia 4500008004100000100001800041245004100059260000900100942000700109999001500116190216s9999||||xx |||||||||||||| ||und|| aM C K Nambiar 0aVanijyathinde Prathamika Thathwangal bNull cBK c9290d9290